| 000 | 00577nam a2200193Ia 4500 | ||
|---|---|---|---|
| 003 | GCL | ||
| 008 | 140319s9999 xx 000 0 ara d | ||
| 040 |
_aGCL / _cGCL |
||
| 082 | 0 | 4 |
_a812.043 _bم ش |
| 100 | 1 | _aانور المشرى (مترجم) | |
| 245 | 1 | 0 |
_aالشائعة / _cانور المشرى (مترجم) |
| 700 | 1 | _aموترو, تشارلو | |
| 260 |
_aالقاهرة : _bمكتبة مصر |
||
| 300 |
_a167 ص ؛ _c20 سم |
||
| 490 |
_aكتاب _v0 |
||
| 650 | 0 | 4 | _aالمسرحيات |
| 650 | 0 | 4 | _aالمسرحيات الانجليزية |
| 942 |
_2ddc _cBK |
||
| 999 |
_c41881 _d41881 |
||